Základy železničnej dopravy učebnica pe 3. ročník učebného odboru železničiar III. diel

Bibliographic Details
Main Authors: Kronberger, Ladislav (Author), Liška, Jaroslav (Author), Martínek, Josef (Author)
Other Authors: Sedlačko, Adam (Translator)
Format: Book
Language:Slovak
Czech
PhysicalDescription:207 strán fotografie, ilustrácie, tabuľky 20 cm
Published: Praha Nakladateľstvo dopravy a spojov 1961
Edition:Vydanie I.
Subjects:

MARC

LEADER 00000nam a2200000 4500
001 vtls011916838
003 SK-MaSNL
005 20260301225332.0
008 250311s1961 xr oal drnp 000 0 slo
015 |a SNBA1961 
020 |q (brožované) 
035 |a urn:nbn:sk:snk-am00eefc 
035 |a urn:nbn:sk:snk-am3ihoz 
035 |a 31BBFD8E-F33C-4324-97D8-5B0623DCF25B 
040 |a SNK  |b slo  |c SNK  |e rda 
041 1 |a slo  |h cze 
044 |a xr  |c CZ 
072 7 |a 656.2  |x Železničná doprava  |2 konspekt 
080 |a 656.2  |2 2011 
080 |a (075.3)  |2 2011 
100 1 |a Kronberger, Ladislav  |4 aut  |9 469570 
245 1 0 |a Základy železničnej dopravy  |b učebnica pe 3. ročník učebného odboru železničiar  |n III. diel  |c Ladislav Kronberger, Jaroslav Liška, Josef Martínek ; preložil Adam Sedlačko 
250 |a Vydanie I. 
264 1 |a Praha  |b Nakladateľstvo dopravy a spojov  |c 1961 
264 3 |a Praha  |b Knihtisk 
300 |a 207 strán  |b fotografie, ilustrácie, tabuľky  |c 20 cm 
336 |a text  |b txt  |2 rdacontent 
337 |a bez média  |b n  |2 rdamedia 
338 |a zväzok  |b nc  |2 rdacarrier 
366 |e 1000 kusov 
500 |a Pravdepodobne preložené z češtiny 
504 |a Bibliografia na strane 200 ; zoznam obrázkov 
650 0 7 |a železničná doprava  |2 SNKPH  |9 3185 
650 0 7 |a Railroad transportation  |2 SNKPHeng  |9 337537 
655 7 |a učebnice stredných škôl  |2 SNKPH  |9 69323 
655 7 |a Secondary school textbooks  |2 SNKPHeng  |9 135487 
700 1 |a Liška, Jaroslav  |4 aut  |9 469571 
700 1 |a Martínek, Josef  |4 aut  |9 439097 
700 1 |a Sedlačko, Adam  |4 trl  |9 618776 
852 |a Slovenská národná knižnica 
958 |a OP 
958 |a NB 
958 |a OND 
968 |b ČES 
999 |c 950520  |d 952450 
952 |a SNK  |b SNK  |y PREZ  |7 0  |p 17A0844918  |o snkSC 13255/3  |i snkKIP 899/62  |0 0  |1 0  |4 0  |d 2020-02-11  |f 1  |l 0  |r 2025-07-16 00:00:00  |w 2026-02-24